000 01287nam a2200253 a 4500
001 001155918
003 AM-YeHGA
005 20250617152402.0
008 160609s1986 ||| r 000 0 rus d
040 _aAM-YeHGA
041 0 _arus
245 0 0 _aИсторико-этнографический атлас Прибалтики :
_bОдежда /
_cС.И. Брук и др.; Ин-т этнографии им. Н.Н. Миклухо-Маклая АН СССР, Ин-т истории АН ЛитССР, Ин-т истории АН ЛатвССР, Ин-т истории АН ЭССР, Гос. этногр. музей ЭССР.
260 _aРига :
_bЗинатне,
_c1986.
300 _a173 с. :
_bил.
_eКарты (70 л. в обертке)
504 _aБиблиогр.: с. 168-171
653 0 _aНароды Прибалтики - Атласы
653 0 _aОдежда - Прибалтика
700 1 _aБрук, Соломон Ильич
710 2 _aИнститут этнографии им. Н.Н. Миклухо-Маклая АН СССР
710 2 _aИнститут истории АН ЛитССР
710 2 _aИнститут истории АН ЛатвССР
710 2 _aИнститут истории АН ЭССР
090 _c371709
999 _c369836
_d369836